LEADER 00882nam a2200229 i 4500 001 991002915519707536 005 20021022144007.0 008 960610s1868 fr ||| | fre 035 $ab11727901-39ule_inst 035 $aLE021FD222833$9ExL 040 $aDip. SSSC$bita 100 1 $aDesarbres, Nerée$0529524 245 10$aDeux siecles a l'opera :$b1669-1868 :$bchronique anecdotique, artistique, excentrique, pittoresque et galante /$cNerée Desarbres 260 $aParis :$bE. Dentu,$c1868 300 $a297 p. ;$c18 cm. 650 4$aOpera$y1669-1868 907 $a.b11727901$b02-04-14$c24-10-02 912 $a991002915519707536 945 $aLE021FD DAN31D20$g1$iLE021FD-2670$lle023$nFondo D'Amico$o-$pE0.00$q-$rn$so $t0$u0$v0$w0$x0$y.i11967857$z24-10-02 996 $aDeux siecles a l'opera$9904142 997 $aUNISALENTO 998 $ale021$b10-06-96$cm$da $e-$ffre$gfr $h0$i1 LEADER 01086nam a2200301 i 4500 001 991000792349707536 005 20020507173642.0 008 940912s1993 uk ||| | eng 020 $a0521352207 035 $ab10757958-39ule_inst 035 $aLE01302395$9ExL 040 $aDip.to Matematica$beng 082 0 $a516.08 084 $aAMS 52-01 084 $aLC QA649.S353 100 1 $aSchneider, Rolf$034894 245 10$aConvex bodies :$bthe Brunn-Minkowski theory /$cRolf Schneider 260 $aCambridge :$bCambridge University Press,$cc1993 300 $axiii, 490 p. :$bill. ;$c24 cm 490 0 $aEncyclopedia of mathematics and its applications ;$v44 500 $aIncludes bibliographical references (p. 433-473) and index 650 0$aConvex bodies 907 $a.b10757958$b23-02-17$c28-06-02 912 $a991000792349707536 945 $aLE013 52-XX SCH11 (1993)$g1$i2013000022109$lle013$o-$pE0.00$q-$rl$s- $t0$u1$v0$w1$x0$y.i10852554$z28-06-02 996 $aConvex bodies$9376471 997 $aUNISALENTO 998 $ale013$b01-01-94$cm$da $e-$feng$guk $h0$i1